000 00646nam a2200217Ia 4500
003 OSt
005 20250801164943.0
008 210210b1958 xxu||||| |||| 00| 0 eng d
040 _cAL
041 _akan
082 _a859/2154
100 _aSITARAMA SHASTRI
_9158278
_dಸೀತಾರಾಮ ಶಾಸ್ತ್ರಿ
245 _aYavvana vidrohi Shivaji:
_bಯವ್ವನ ವಿದ್ರೋಹಿ ಶಿವಾಜಿ
260 _aBengaluru
_bStandard Book Dipo
_c1958
650 _aYauvana
_9158279
650 _avidrOhi
_9158280
650 _ashivAji
_9158281
690 _aKannada Fiction
_9158282
906 _a022867
942 _2ddc
_cBK
999 _c147563
_d147563